Accounting information systems

Bibliographic Details
Main Author: Cushing, Barry E
Format: Book
Published: New York : Addison-Wesley Publishing Company , 1994
Edition:Sixth edition
Subjects:

MARC

LEADER 00000cam a2200000 7i4500
001 0000006798
002 000007324
005 20000330.0
020 |a 020158025X 
090 0 0 |a 657.0285   |b CUS 
100 1 |a Cushing, Barry E 
245 1 0 |a Accounting information systems   |c Barry E.Cushing and Marshall B.Romney 
250 |a Sixth edition 
260 |a New York :   |b Addison-Wesley Publishing Company ,   |c 1994 
300 |a 1053p. :   |b ill ;   |c 24cm. 
650 0 0 |a Accounting   |x Data processing 
650 0 0 |a Information storage and retrieval systems   |x Accounting 
999 |a 040718   |b BUKU   |c PINJAMAN   |e PERPUSTAKAAN KOMUNITI PETALING JAYA